书目信息 |
| 题名: |
整式与分式
|
|
| 作者: | 郁李 编 | |
| 分册: | ||
| 出版信息: | 上海 新知识出版社 1957 |
|
| 页数: | 87页 | |
| 开本: | 20cm | |
| 丛书名: | ||
| 单 册: | ||
| 中图分类: | O122.1 | |
| 科图分类: | ||
| 主题词: | 初等数学 | |
| 电子资源: | ||
| ISBN: | ||
| 000 | 00491nam0 2200193 450 | |
| 001 | 0652156234 | |
| 005 | 20060418143235.06 | |
| 010 | @dCNY0.26 | |
| 100 | @a20060418d1957 km y0chiy0120 ea | |
| 101 | 0 | @achi |
| 102 | @aCN@b310000 | |
| 200 | 1 | @a整式与分式@Azheng shi yu fen shi@f郁李编@Fyu li bian |
| 210 | @a上海@c新知识出版社@d1957 | |
| 215 | @a87页@d20cm | |
| 606 | 0 | @a初等数学 |
| 690 | @aO122.1@v3 | |
| 701 | 0 | @a郁李@Ayu li@4编 |
| 801 | 0 | @aCN@bPFT@c20060418 |
| 905 | @a10447@dO122.1@e13 | |
| 整式与分式/郁李编.-上海:新知识出版社,1957 |
| 87页;20cm |
| ISBN :CNY0.26 |
| ● |
| 相关链接 |
|
|
|
|
正题名:整式与分式
索取号:O122.1/13
 
预约/预借
| 序号 | 登录号 | 条形码 | 馆藏地/架位号 | 状态 | 备注 |
| 1 | 0006706 | 202248193 | 密集书库/ [索取号:O122.1/13] | 在馆 | |
| 2 | 0006707 | 202248228 | 密集书库/ [索取号:O122.1/13] | 在馆 |